Design & fabrication of electronic private automatic branch exchange (EPABX) / (Record no. 188632)

000 -LEADER
fixed length control field 00497 a2200169 4500
003 - CONTROL NUMBER IDENTIFIER
control field NUST
005 - DATE AND TIME OF LATEST TRANSACTION
control field 20251021102345.0
040 ## - CATALOGING SOURCE
Transcribing agency Nust
082 ## - DEWEY DECIMAL CLASSIFICATION NUMBER
Classification number 621.382,ZAK
100 ## - MAIN ENTRY--PERSONAL NAME
Personal name Zaka, Capt Hammad TE-36
9 (RLIN) 131288
245 ## - TITLE STATEMENT
Title Design & fabrication of electronic private automatic branch exchange (EPABX) /
Remainder of title Capt Hammad Zaka, Capt Umar Shahzad TE-36
260 ## - PUBLICATION, DISTRIBUTION, ETC.
Place of publication, distribution, etc. Rawalpindi
Name of publisher, distributor, etc. MCS
Date of publication, distribution, etc. 2003
300 ## - PHYSICAL DESCRIPTION
Extent 173 p.,
650 ## - SUBJECT ADDED ENTRY--TOPICAL TERM
Topical term or geographic name entry element TE-36
9 (RLIN) 131289
651 ## - SUBJECT ADDED ENTRY--GEOGRAPHIC NAME
Geographic name UG EE Projects
9 (RLIN) 131290
942 ## - ADDED ENTRY ELEMENTS (KOHA)
Koha item type Project Report
Source of classification or shelving scheme
Holdings
Withdrawn status Lost status Source of classification or shelving scheme Damaged status Not for loan Permanent Location Current Location Shelving location Date acquired Full call number Barcode Date last seen Price effective from Koha item type Public note
          Military College of Signals (MCS) Military College of Signals (MCS) Reference 12/12/2016 621.382,ZAK MCSPTE-101 12/08/2016 12/12/2016 Project Report Almirah No.90, Shelf No.2
© 2023 Central Library, National University of Sciences and Technology. All Rights Reserved.